| 000 | 01370nam0a2200373 4500 | ||
|---|---|---|---|
| 001 | RU\NLR\BIBL_A\022529192 | ||
| 005 | 20250731112835.0 | ||
| 010 |
_a978-5-00222-758-7 _9150 |
||
| 021 |
_aRU _bКН-П-25-013123 _9КН-П-25-1320 |
||
| 035 | _a(NLR Aleph) 022529192 | ||
| 090 |
_a13458157 _c13458157 |
||
| 100 | _a20250423d2025 k y0rusy50 ca | ||
| 101 | 0 | _arus | |
| 102 | _aRU | ||
| 105 | _aac z 000zd | ||
| 181 | 0 |
_ai3 _baxxe |
|
| 182 | 0 | _an | |
| 200 | 1 |
_aRAF, и особенно Бригитта Монхаупт _fЛачин Хуррамитский |
|
| 203 |
_aТекст _bвизуальный _cнепосредственный |
||
| 210 |
_aМосква _cРодина _d2025 (печ. 2024) |
||
| 215 |
_a270, [1] с. _cил., портр. _d21 |
||
| 225 | 1 | _aПротив течения | |
| 333 | _a16+ | ||
| 601 | 0 | 2 |
_aФракция Красной Армии _cФРГ _92373821 _3RU\NLR\AUTH\661416745 |
| 686 | 1 | _aТ3(4Ф)6-49 | |
| 700 | 1 |
_7ca _8rus _aХуррамитский _bЛ. _gЛачин _92641100 _3RU\NLR\AUTH\770272844 |
|
| 702 | 1 |
_aМонхаупт _bБ. _f1949- _gБригитта _4280 |
|
| 712 | 0 | 2 |
_4570 _aФракция Красной армии _cФРГ _9622136 _3RU\NLR\AUTH\8810060387 |
| 942 | _cBOOK | ||
| 980 | _aNB | ||
| 980 | _aNB | ||